| 000 | 00933nam a22002297u 4500 | ||
|---|---|---|---|
| 999 |
_c23200 _d23200 |
||
| 003 | AR-CdUCM | ||
| 008 | 250124b20222022 pe||||| |||| 00| 0 spa d | ||
| 040 |
_aMUNICIPALIDAD PROVINCIAL DEL CUSCO _cBIBLIOTECA MUNICIPAL DEL CUSCO |
||
| 041 | _hspa | ||
| 082 |
_a804 / C24 _bC24 |
||
| 100 |
_aCama Chacón, Mario _950975 |
||
| 245 |
_aSucesos en un Pueblo : _bHechos Acaecidos en un pueblo donde la ley es letra muerta / |
||
| 260 |
_aLima . _bAutor Editor _c2022 |
||
| 300 |
_a263 páginas. : _c21x15 cm. |
||
| 505 | _aDon Genaro -- Se dio el primer paso -- La traición consumada -- El político y su estrategia -- El encuentro con el alcalde -- La oposición en problemas -- Cae otro alcalde -- De nuevo en problemas -- Ha presentar habeas corpus | ||
| 650 |
_aAlcalde _950976 |
||
| 650 |
_aCorrupción _95144 |
||
| 650 |
_aCae alcalde _950977 |
||
| 650 |
_aAudiencia _950978 |
||
| 942 |
_2ddc _cLIBROS |
||
| 945 |
_apbjr _d24-01-2025 |
||